[Event "40th Eastman Open Ghent"]
[Site "Ghent"]
[Date "2017.07.18"]
[Round "8"]
[White "Sarrau, Jelle"]
[Black "Verhaeren, Gertjan"]
[Result "1-0"]
[WhiteElo "2363"]
[BlackElo "2067"]
[Annotator "ChessBase"]
[PlyCount "45"]
[EventDate "2017.??.??"]
[EventType "swiss"]
[EventCountry "BEL"]
[SourceTitle "playchess.com"]
[Source "ChessBase"]
[SourceQuality "1"]
[TimeControl "7200"]

1. Nf3 {[%emt 0:00:05]} Nf6 {[%emt 0:01:00]} 2. c4 {[%emt 0:00:12]} g6 {[%emt 0:00:05]} 3. Nc3 {[%emt 0:00:12]} Bg7 {[%emt 0:00:05]} 4. g3 {[%emt 0:01:17]} O-O {[%emt 0:00:07]} 5. Bg2 {[%emt 0:00:04]} d6 {[%emt 0:00:23]} 6. d4 {[%emt 0:00:10]} Nbd7 {[%emt 0:00:08]} 7. O-O {[%emt 0:00:08]} e5 {[%emt 0:00:14]} 8. e4 {[%emt 0:00:11]} c6 {[%emt 0:00:09]} 9. Re1 {[%emt 0:00:43]} Qb6 {[%emt 0:01:01]} 10. d5 {[%emt 0:05:06]} cxd5 {[%emt 0:02:34]} 11. cxd5 {[%emt 0:00:08]} Ng4 {[%emt 0:03:28]} 12. Qe2 {[%emt 0:03:02]} f5 {[%emt 0:00:27]} 13. h3 {[%emt 0:00:50]} Ngf6 {[%emt 0:00:10]} 14. Be3 {[%emt 0:01:01]} Qd8 {[%emt 0:02:39]} 15. Ng5 {[%emt 0:09:52]} Nc5 {[%emt 0:01:56]} 16. exf5 {[%emt 0:01:45]} Bxf5 {[%emt 0:00:52]} 17. g4 {[%emt 0:04:44]} Bd3 {[%emt 0:07:55]} 18. Qd2 {[%emt 0:00:51]} h6 {[%emt 0:00:39]} 19. Bxc5 {[%emt 0:06:52]} hxg5 {[%emt 0:00:17]} 20. Be3 {[%emt 0:00:32]} Ba6 {[%emt 0:00:18]} 21. Bxg5 {[%emt 0:00:10]} Qb6 {[%emt 0:00:23]} 22. Ne4 {[%emt 0:03:44]} Rac8 {[%emt 0:03:28]} 23. Be3 {[%emt 0:02:08]} 1-0

[Event "40th Eastman Open Ghent"]
[Site "Ghent"]
[Date "2017.07.18"]
[Round "8"]
[White "Van Beers, Eddy"]
[Black "Kitze, Alexander"]
[Result "1/2-1/2"]
[WhiteElo "2312"]
[BlackElo "2177"]
[Annotator "TA"]
[PlyCount "55"]
[EventDate "2017.??.??"]
[EventType "swiss"]
[EventCountry "BEL"]
[SourceTitle "playchess.com"]
[Source "ChessBase"]
[SourceQuality "1"]

{[%evp 22,55,44,30,75,55,55,52,52,51,49,33,128,108,132,107,166,41,58,29,33,0,16,18,23,17,17,17,20,10,31,0,0,0,0,0]} 1. e4 c5 2. c3 Nf6 3. e5 Nd5 4. d4 cxd4 5. Nf3 e6 6. cxd4 d6 7. Bc4 Be7 8. O-O O-O 9. Nc3 Nxc3 10. bxc3 Nc6 11. exd6 Qxd6 12. Re1 Bf6 {B22: Sicilian: 2 c3} (12... b6 13. Bd3 Bb7 14. Qe2 g6 15. Qe3 Bf6 16. Qh6 Bg7 17. Qh4 Ne7 18. Ng5 h5 19. Be4 Nf5 20. Qh3 Bxe4 21. Nxe4 {1-0 (41) Radjabov,T (2710)-Moiseenko,A (2648) Bastia 2016}) 13. Ng5 Bxg5 14. Bxg5 h6 $146 {White is slightly better.} ({Predecessor:} 14... Ne7 15. Qf3 Ng6 16. Rad1 Rb8 17. Qg3 Qxg3 18. fxg3 b5 19. Bd3 Bd7 {½-½ (19) Bannik,A (2175)-Mauritz,G Niederbayern 2000}) 15. Bh4 {[%cal Bg5h4,Bh4g3,Bg3e5][%mdl 32]} Ne7 16. Bd3 Nd5 (16... Qd7 $14) 17. Rc1 Bd7 18. Bg3 Qe7 (18... Qa3 $16) 19. Bb1 (19. c4 $18 Nf6 20. Rb1) 19... b5 $1 $14 20. Qd3 {[%csl Gb1][%cal Rd3h7] [#]} (20. a4 $5 a6 21. Qd3 $14 (21. axb5 axb5 22. Qf3 Bc6 $11)) 20... f5 21. Be5 (21. a4 $5) 21... Rac8 22. a4 Qa3 {[%cal Rc8c3]} 23. c4 Qxd3 24. Bxd3 bxc4 25. Rxc4 Nb6 26. Rxc8 Rxc8 27. a5 Nc4 28. Bxc4 {Precision: White = 46%, Black = 52%.} 1/2-1/2

[Event "40th Eastman Open Ghent"]
[Site "Ghent"]
[Date "2017.07.18"]
[Round "8"]
[White "Harakis, Alexis M"]
[Black "van Akkeren, Arno"]
[Result "1-0"]
[WhiteElo "2284"]
[BlackElo "2086"]
[Annotator "TA"]
[PlyCount "65"]
[EventDate "2017.??.??"]
[EventType "swiss"]
[EventCountry "BEL"]
[SourceTitle "playchess.com"]
[Source "ChessBase"]
[SourceQuality "1"]

{[%evp 18,65,9,12,26,23,32,25,28,17,39,22,44,2,77,87,107,106,147,82,85,47,55,50,62,59,50,62,81,57,59,60,59,59,59,59,60,62,179,133,160,165,378,126,1060,1098,2368,2258,5326,5318]} 1. d4 d5 2. c4 e6 3. Nc3 Nf6 4. cxd5 exd5 5. Bg5 Be7 6. e3 h6 7. Bh4 c6 8. Bd3 Ne4 9. Bxe7 Qxe7 10. Qc2 {[#] Strongly threatening Nxd5!} (10. Bxe4 {seems wilder.} dxe4 11. Nge2 O-O 12. Qc2 f5 13. O-O) 10... Nxc3 {D36: Queen's Gambit Declined: Exchange Variation: Main line (5 Bg5 c6 6 Qc2)} 11. bxc3 {[%cal Bb2c3,Bc3c4][%mdl 32]} O-O 12. Ne2 Nd7 {White has an edge.} (12... Re8 13. O-O Nd7 14. c4 dxc4 15. Bxc4 Nb6 16. Bb3 Be6 17. Nf4 Bxb3 18. Qxb3 {1-0 (43) Xiu,D (2566)-Hakiki,K (2301) Kuala Lumpur 2013}) 13. O-O Nf6 14. Nf4 $146 ({Predecessor:} 14. Ng3 Re8 15. Rae1 Ne4 16. Ne2 Nf6 17. Nc1 Qd6 18. f3 {1-0 (28) Takeda,L (1972)-Sato,L (1505) Sao Paulo 2016}) 14... b6 15. a4 {[%cal Ba2a4,Ba4a5,Ba5a6][%mdl 32]} Ne4 (15... c5 $11 {remains equal.}) 16. c4 $16 Bb7 {[%cal Bc8b7,Bb7a8,Ba8d5][%mdl 32]} 17. a5 {Threatens to win with a6.} g5 18. Ne2 (18. Nh5 $142) 18... c5 19. dxc5 dxc4 20. Bxc4 Rac8 21. a6 ({Much worse is} 21. cxb6 $6 Bd5 $11) 21... Ba8 22. cxb6 Bd5 $1 23. Ra4 {aiming for b7.} Nd6 24. b7 Rxc4 25. Rxc4 Bxc4 26. Ra1 Bxe2 27. Qxe2 Qe5 ({Black should try} 27... Nxb7 $1 $14 28. axb7 Qxb7) 28. Rd1 {[%mdl 1024] White has strong compensation.} Ne4 29. h4 Qe6 $2 (29... Kg7 30. Rc1 Nd6) 30. Qb5 $2 (30. Qb2 $18 Rb8 31. Qd4) 30... Qg4 $2 {[%mdl 8192]} (30... Nc3 $16 31. b8=Q Nxb5 32. Qxb5 gxh4) 31. Rd4 $18 {White is clearly winning.} Qxh4 32. Qf5 Re8 {[#]} 33. Rxe4 $1 {[%mdl 512] Precision: White = 63%, Black = 25%.} 1-0

[Event "40th Eastman Open Ghent"]
[Site "Ghent"]
[Date "2017.07.18"]
[Round "8"]
[White "Froeyman, Helmut"]
[Black "Klaus, Dominik"]
[Result "1-0"]
[WhiteElo "2264"]
[BlackElo "2000"]
[Annotator "TA"]
[PlyCount "89"]
[EventDate "2017.??.??"]
[EventType "swiss"]
[EventCountry "BEL"]
[SourceTitle "playchess.com"]
[Source "ChessBase"]
[SourceQuality "1"]

{[%evp 19,89,29,47,43,58,53,67,66,248,252,256,239,331,347,347,347,318,332,343,312,346,327,314,320,458,433,589,465,701,612,600,600,692,645,755,751,722,495,679,672,672,621,755,761,1113,1064,1608,1549,1888,1669,2756,2610,2841,2687,4902,4894,29987,29988,29989,29990,29990,29990,29991,29992,29993,29994,29994,29995,29995,29996,29996,29996]} 1. e4 d5 2. exd5 Qxd5 3. Nc3 Qa5 4. d4 Nf6 5. Nf3 c6 6. Bc4 Bf5 7. Bd2 e6 8. Nd5 Qd8 9. Nxf6+ Qxf6 10. Qe2 Nd7 11. O-O-O {Hoping for Bg5. B01: Scandinavian Defence} Nb6 (11... Be7 12. Bg5 Qg6 13. h4 Bxg5+ 14. hxg5 Nb6 15. Bd3 Nd5 16. Bxf5 Qxf5 17. Qe5 Qxe5 18. dxe5 Ke7 {½-½ (58) Ni,H (2681)-Ghaem Maghami,E (2559) Fujairah 2012}) 12. Bb3 {aiming for Bg5.} Bd6 13. Ne5 {White is slightly better.} O-O-O $146 (13... Bxe5 $14 14. dxe5 Qh4) ({Predecessor:} 13... Bxe5 14. dxe5 Qe7 15. h4 h6 16. g4 Bg6 17. Be3 Nd5 18. f4 b6 {½-½ (61) Dembo,Y (2322)-Gara,T (2296) Budapest 2000}) 14. g4 $1 $18 {[%cal Rg4f5]} Bg6 {[#]} 15. h4 $1 {[%cal Bh2h4,Bh4h5][%mdl 32]} h6 {[#]} 16. h5 $1 {[%cal Rh5g6]} Bh7 {[#]} 17. Nxf7 $1 {[%mdl 512]} Nd5 (17... Qxf7 18. Bxe6+) 18. Nxh8 Rxh8 19. Rhf1 Kb8 20. Kb1 Re8 21. Be3 ({Don't take} 21. Bxd5 cxd5 22. Rde1 a6 $18) 21... e5 (21... Rd8 $142 22. Ka1 Rf8) 22. dxe5 Bxe5 23. Bd4 Nf4 (23... Re7 $142) 24. Bxe5+ Rxe5 25. Qd2 Nd5 26. f4 Re7 27. Bxd5 Rd7 28. Qd4 cxd5 29. Qxf6 gxf6 {[%mdl 4096] Endgame KRR-KRB} 30. Rfe1 a6 31. Re6 f5 32. g5 hxg5 33. fxg5 Ka7 34. g6 Bg8 35. Re8 Rg7 36. Rg1 Bh7 37. Rh8 Bg8 38. h6 {White mates.} Re7 39. Rxg8 f4 40. Rf8 Re4 41. g7 d4 42. g8=Q d3 43. Ra8+ Kb6 44. Qd8+ Kb5 45. Qd5+ {Precision: White = 95%, Black = 13%.} 1-0

[Event "40th Eastman Open Ghent"]
[Site "Ghent"]
[Date "2017.07.18"]
[Round "8"]
[White "Cordts, Ingo"]
[Black "Abolianin, Arthur"]
[Result "1-0"]
[WhiteElo "2259"]
[BlackElo "2329"]
[Annotator "ChessBase"]
[PlyCount "37"]
[EventDate "2017.??.??"]
[EventType "swiss"]
[EventCountry "BEL"]
[SourceTitle "playchess.com"]
[Source "ChessBase"]
[SourceQuality "1"]
[TimeControl "7200"]

1. Nf3 {[%emt 0:00:03]} g6 {[%emt 0:00:06]} 2. d4 {[%emt 0:00:36]} Bg7 {[%emt 0:00:05]} 3. c4 {[%emt 0:00:06]} d6 {[%emt 0:00:10]} 4. Nc3 {[%emt 0:00:14]} c5 {[%emt 0:00:06]} 5. d5 {[%emt 0:01:33]} Bxc3+ {[%emt 0:00:04]} 6. bxc3 {[%emt 0:00:03]} f5 {[%emt 0:00:01]} 7. h4 {[%emt 0:01:41]} Nf6 {[%emt 0:00:18]} 8. h5 {[%emt 0:00:12]} Nxh5 {[%emt 0:04:38]} 9. Rxh5 {[%emt 0:00:08]} gxh5 {[%emt 0:00:02]} 10. e4 {[%emt 0:07:10]} fxe4 {[%emt 0:16:14]} 11. Ng5 {[%emt 0:01:36]} Bg4 {[%emt 0:00:03]} 12. Qc2 {[%emt 0:01:45]} h6 {[%emt 0:06:35]} 13. Nxe4 {[%emt 0:04:05]} Qa5 {[%emt 0:04:21]} 14. Nxd6+ {[%emt 0:07:33]} exd6 {[%emt 0:00:26]} 15. Qg6+ {[%emt 0:00:28]} Kd8 {[%emt 0:01:02]} 16. Qf6+ {[%emt 0:04:24]} Kc7 {[%emt 0:00:02]} 17. Qxh8 {[%emt 0:01:58]} Nd7 {[%emt 0:00:02]} 18. Qg7 {[%emt 0:00:42]} Rg8 {[%emt 0:00:01]} 19. f3 1-0

[Event "40th Eastman Open Ghent"]
[Site "Ghent"]
[Date "2017.07.18"]
[Round "8"]
[White "Van Mechelen, Jan"]
[Black "Michiels, Bart"]
[Result "0-1"]
[WhiteElo "2247"]
[BlackElo "2536"]
[Annotator "TA"]
[PlyCount "48"]
[EventDate "2017.??.??"]
[EventType "swiss"]
[EventCountry "BEL"]
[SourceTitle "playchess.com"]
[Source "ChessBase"]
[SourceQuality "1"]

{[%evp 14,48,13,-11,9,-41,-10,-7,20,11,4,-12,0,-31,-7,-64,-10,-53,-52,-41,-43,-61,-59,-55,-39,-70,-71,-94,-86,-144,-141,-281,-289,-261,-265,-324,-320]} 1. d4 d5 2. Bf4 Nf6 3. e3 e6 4. Nf3 c5 5. Nbd2 Nc6 6. c3 Be7 7. Bd3 Nh5 8. Bg3 g6 {D02: 1 d4 d5 2 Nf3 sidelines, including 2...Nf6 3 g3 and 2...Nf6 3 Bf4} (8... Nxg3 9. hxg3 h6 10. Ne5 Nxe5 11. dxe5 Bd7 12. Qg4 Bf8 13. a4 Qc7 14. Nf3 O-O-O 15. Bb5 Kb8 16. O-O {1-0 (43) Kamsky,G (2741)-Jakovenko,D (2713) Khanty-Mansiysk 2013}) 9. Qe2 Qb6 $146 ({Predecessor:} 9... f5 10. Be5 O-O 11. h3 Nxe5 12. Nxe5 Nf6 13. g4 c4 14. Bc2 Bd6 15. f4 b5 16. a3 {½-½ (47) Najjar,A (2235)-Lodhi,M (2415) Teheran 1997}) 10. Rb1 Nxg3 {The position is equal.} 11. hxg3 Bd7 12. g4 O-O-O 13. g5 (13. b4 $5) 13... Kb8 14. g3 {[#]} (14. dxc5 $11 Qxc5 15. e4) 14... Rc8 (14... e5 $1 $15 {[%mdl 512]} 15. Nxe5 (15. dxe5 Bg4) 15... Nxe5 16. dxe5 Bxg5) 15. Kf1 c4 16. Bc2 Qd8 17. b3 cxb3 18. Nxb3 Ka8 19. Kg2 Rc7 20. Rh2 Bxg5 21. Rbh1 (21. Nxg5 $142 Qxg5 22. Nc5) 21... h5 $17 22. g4 (22. Nxg5 $17 Qxg5 23. Nc5) 22... Be7 $19 {Black has a decisive advantage.} 23. gxh5 Bd6 24. Rh3 e5 {Precision: White =  6%, Black = 49%.} 0-1

[Event "40th Eastman Open Ghent"]
[Site "Ghent"]
[Date "2017.07.18"]
[Round "8"]
[White "De Jong, Jasper"]
[Black "Michielsen, Joost"]
[Result "1/2-1/2"]
[WhiteElo "2151"]
[BlackElo "2409"]
[Annotator "TA"]
[PlyCount "69"]
[EventDate "2017.??.??"]
[EventType "swiss"]
[EventCountry "BEL"]
[SourceTitle "playchess.com"]
[Source "ChessBase"]
[SourceQuality "1"]

{[%evp 16,69,47,42,55,45,62,73,57,47,47,15,14,6,14,3,3,2,3,0,0,0,7,-2,0,0,12,0,0,0,0,0,0,0,0,0,48,0,0,0,0,0,0,0,0,0,0,0,0,0,0,0,0,0,0,0]} 1. e4 {[%cal Be2e4,Be4e5][%mdl 32]} c5 2. c3 Nf6 3. e5 Nd5 4. d4 cxd4 5. cxd4 e6 6. Nc3 Nxc3 7. bxc3 Qc7 8. Bd2 d6 9. f4 Be7 {B22: Sicilian: 2 c3} 10. Nf3 (10. Bd3 Nc6 11. Nh3 Bd7 12. O-O h6 13. Qh5 Nd8 14. Rae1 d5 15. Ng5 Rf8 16. Nh7 Rg8 17. f5 Ba3 18. f6 g6 19. Qxh6 Nc6 20. Ng5 {1-0 (20) Zumsande,M (2487)-Venkatesh,M (2445) Pardubice 2016}) 10... O-O 11. Bd3 b6 {White is better.} 12. O-O Ba6 13. Bxa6 (13. c4 $5) 13... Nxa6 14. Qe2 Nb8 15. Qe4 $146 ({Predecessor:} 15. Rae1 d5 16. Ng5 g6 17. Qf2 {1-0 (34) Romero Echeverria,A (2062)-Castrillon Gomez,M (2082) Duran 2011}) 15... Nd7 16. a4 {[%cal Ba2a4,Ba4a5][%mdl 32]} Rac8 17. Rfb1 Qc4 18. a5 d5 19. Qc2 b5 {[%cal Bb6b5,Bb5b4][%mdl 32]} 20. f5 b4 {[%cal Rb4c3]} (20... Rfe8 {with more complications.} 21. a6 b4 22. fxe6 fxe6 23. Rb3 Qe2) 21. Bg5 (21. fxe6 {feels hotter.} fxe6 22. Rb3 Qe2 23. Re1 Qa6 24. Qb1) 21... Bxg5 22. Nxg5 Qxd4+ 23. cxd4 Rxc2 24. Rxb4 h6 25. Rb7 {[#] Strongly threatening Nf3.} Nxe5 26. dxe5 hxg5 $11 {[%mdl 4096] Endgame KRR-KRR. The position is equal.} 27. a6 Rfc8 28. Rxa7 {Black must now prevent Rb7.} Re2 29. fxe6 (29. Re7 $5 {[%cal Ra6a7]} Rcc2 30. a7 (30. fxe6 Rxg2+ 31. Kf1 Rxh2 $11) 30... Rxg2+ 31. Kh1 (31. Kf1 Rgf2+ 32. Kg1 Rg2+ 33. Kh1 Rxh2+ 34. Kg1 Rhg2+ 35. Kh1 Rh2+ 36. Kg1 Rhg2+ 37. Kh1 Rh2+ $11) 31... Rxh2+ 32. Kg1 Rcg2+ 33. Kf1 Rf2+ 34. Ke1 Re2+ 35. Kf1 Ref2+ 36. Kg1 $11) 29... fxe6 30. Rb7 Rcc2 31. a7 Rxg2+ 32. Kf1 Rgf2+ 33. Kg1 Rg2+ 34. Kf1 Rgf2+ 35. Kg1 {Precision: White = 63%, Black = 78%.} 1/2-1/2

[Event "40th Eastman Open Ghent"]
[Site "Ghent"]
[Date "2017.07.18"]
[Round "8"]
[White "Escribano Illan, Juan Carlos"]
[Black "Lammens, Tim"]
[Result "0-1"]
[WhiteElo "1966"]
[BlackElo "2304"]
[Annotator "TA"]
[PlyCount "78"]
[EventDate "2017.??.??"]
[EventType "swiss"]
[EventCountry "BEL"]
[SourceTitle "playchess.com"]
[Source "ChessBase"]
[SourceQuality "1"]

{[%evp 20,78,26,10,17,6,16,16,8,4,41,43,38,42,40,-16,-22,-24,0,0,38,-14,127,90,99,59,44,0,0,0,0,0,0,0,0,0,0,-25,-14,-33,-24,-54,-49,-68,-67,-70,-70,-54,-55,-378,-363,-377,-360,-316,-342,-295,-268,-738,-448,-912,-912]} 1. Nf3 g6 2. e4 c5 3. g3 Bg7 4. Bg2 Nc6 5. O-O d6 6. Nc3 Bg4 7. h3 Bxf3 8. Bxf3 Nf6 9. d3 O-O 10. Bg2 Rb8 {B25: Closed Sicilian: 3 g3, lines without early Be3} (10... Nd7 11. f4 c4 12. dxc4 Na5 13. Nd5 Nxc4 14. c3 Ndb6 15. Qe2 Rc8 16. Kh2 e6 17. Nb4 Na4 18. f5 {0-1 (40) Mamedyarov,S (2760)-Carlsen,M (2733) Wijk aan Zee 2008}) 11. Be3 {LiveBook: 6 Games} b5 12. Qd2 b4 {The position is equal.} 13. Nd1 {[#]} a5 $146 ({Predecessor:} 13... Re8 14. f4 Nd7 15. c3 bxc3 16. bxc3 Qb6 17. Rc1 {1-0 (47) Krapivin,A (2471)-Kornev,A (2523) Vladimir 2008}) 14. Bh6 e5 15. Bxg7 Kxg7 16. Ne3 a4 17. f4 (17. Kh2 $14) 17... Nh5 $11 18. Kh2 a3 19. bxa3 bxa3 20. Nc4 (20. f5 $14) 20... Nd4 (20... exf4 $11 21. gxf4 f5) 21. fxe5 dxe5 22. c3 ({Don't go for} 22. Nxe5 $2 Qc7 $19) 22... Nb5 $1 23. Bf3 ({Stronger than} 23. Nxe5 Qc7 $17) 23... Nd6 24. Nxa3 Nf6 25. Rf2 Qa5 26. Nc4 Nxc4 27. dxc4 Rfd8 {[%cal Bf8d8,Bd8d7,Bd7d2][%mdl 32]} 28. Qc2 Rb6 29. Raf1 Rbd6 30. Bd1 R8d7 31. Bg4 Nxg4+ 32. hxg4 Qd8 $36 {[%mdl 2048] Black has good play.} 33. Qc1 $1 Rd2 34. Kg1 $2 {[%mdl 8192]} (34. Kg2 $15) 34... Rxf2 $19 35. Kxf2 Rd2+ 36. Ke1 Rxa2 {[#] ( -> ...Qd3)} 37. Rf2 Ra4 {Hoping for ...Qd3.} 38. Rh2 $2 (38. Re2) 38... h5 {aiming for ...Qa8.} 39. gxh5 (39. Re2 $142 Qa5 40. Kf2 hxg4 41. Kg2) 39... Qa8 {Precision: White = 33%, Black = 59%.} 0-1

[Event "40th Eastman Open Ghent"]
[Site "Ghent"]
[Date "2017.07.19"]
[Round "9"]
[White "Chatalbashev, Boris"]
[Black "Docx, Stefan"]
[Result "1-0"]
[WhiteElo "2552"]
[BlackElo "2427"]
[Annotator "TA"]
[PlyCount "61"]
[EventDate "2017.??.??"]
[EventType "swiss"]
[EventCountry "BEL"]
[SourceTitle "playchess.com"]
[Source "ChessBase"]
[SourceQuality "1"]

{[%evp 13,61,11,12,0,7,0,0,0,0,0,0,1,14,0,0,0,39,15,47,39,47,50,120,115,125,131,147,140,129,131,133,118,209,200,295,175,191,135,366,361,356,358,459,381,468,446,536,535,547,546]} 1. d4 Nf6 2. c4 e6 3. Nf3 d5 4. Nc3 Bb4 5. Qa4+ Nc6 6. e3 O-O 7. Qc2 {D38: Queen's Gambit Declined: Ragozin Defence (4 Nf3 Bb4)} b6 {LiveBook: 10 Games} 8. Bd2 Bb7 $146 ({Find the theoretical novelty and annotate with similar games:} 8... a5 9. Bd3 Ba6 10. cxd5 Bxd3 11. Qxd3 exd5 12. Rc1 Ne7 13. O-O Rc8 14. Rc2 c6 {½-½ (57) Vitiugov,N (2718)-Grischuk,A (2751) Novi Sad 2016}) 9. cxd5 {The position is equal.} exd5 10. Bd3 Bd6 11. a3 a6 12. O-O Re8 13. b4 {[%cal Bb2b4,Bb4b5][%mdl 32]} Nb8 14. b5 a5 15. a4 Nbd7 16. Bc1 Qe7 17. Qb3 Ne4 ({Better is} 17... Qe6 $14) 18. Nxd5 $16 {[%cal Bc3d5,Bd5f4,Bf4d3,Bd3f4][%mdl 32]} Qe6 {[#]} 19. Bc4 $1 {Black must now prevent Nxb6!} Qg6 20. Ba3 Qf5 21. Rfc1 {Threatens to win with Nxc7!} Rac8 22. Bxd6 cxd6 (22... Nxd6 $16 23. Nxc7 Bxf3 24. Nxe8 (24. gxf3 Rxc7 25. Bxf7+ Nxf7 $11) 24... Qg4) 23. Nf4 $18 Rxc4 (23... g5 {was necessary.}) 24. Rxc4 (24. Qxc4 $142 {Strongly threatening Qc7.} g5 25. Nd3) 24... g5 25. Rc7 (25. Nd3 $18) 25... Ba8 $2 {[#]} (25... gxf4 $16 26. Rxb7 Ndc5 27. dxc5 Nxc5 28. Rxf7 Qxf7 29. Qxf7+ Kxf7) 26. Nd3 Bd5 27. Qc2 Ndf6 28. Rc1 Kg7 29. Nfe1 {White is clearly winning.} Nh5 30. f3 Nef6 31. Nf4 {Precision: White = 67%, Black = 38%.} 1-0

[Event "40th Eastman Open Ghent"]
[Site "Ghent"]
[Date "2017.07.19"]
[Round "9"]
[White "Michiels, Bart"]
[Black "Kovalev, Andrei"]
[Result "1/2-1/2"]
[WhiteElo "2536"]
[BlackElo "2517"]
[Annotator "TA"]
[PlyCount "88"]
[EventDate "2017.??.??"]
[EventType "swiss"]
[EventCountry "BEL"]
[SourceTitle "playchess.com"]
[Source "ChessBase"]
[SourceQuality "1"]

{[%evp 18,88,33,30,27,31,57,62,54,10,16,-3,-2,0,0,-42,-13,-24,-36,-45,-35,-54,-45,-27,-29,-28,-25,-30,-35,-46,-50,-56,-49,-49,-46,-49,-41,-41,-41,-38,-26,-26,-26,-41,-41,-68,-34,-33,0,0,0,0,0,0,0,-8,0,0,0,0,0,0,0,0,0,0,0,0,0,0,0,0,0]} 1. d4 Nf6 2. c4 g6 3. Nf3 Bg7 4. g3 O-O 5. Bg2 d6 6. Nc3 Nc6 7. O-O e5 8. dxe5 dxe5 9. Bg5 Be6 10. Qa4 Qe8 {E62: King's Indian: Fianchetto: 6...c6 and Panno Variation (6...Nc6) without ...a6} (10... h6 11. Rad1 Qe7 12. Nd5 Bxd5 13. Bxf6 Bxf6 14. cxd5 Nd4 15. e4 Nxf3+ 16. Bxf3 Rfd8 17. Rc1 Qd7 18. Qxd7 Rxd7 {½-½ (35) Edouard,R (2628)-Bacrot,E (2692) Cap d'Agde 2016}) 11. Nd2 $146 {[%cal Bf3d2,Bd2e4,Be4c5][%mdl 32]} ({Find the theoretical novelty and annotate with similar games:} 11. Rfd1 Nd7 12. Nd5 Nb6 13. Qc2 Nxd5 14. cxd5 Nb4 15. Qxc7 Nxd5 16. Qxb7 Rb8 17. Qxa7 Rxb2 18. e4 {0-1 (39) Kazakovskiy,V (2433)-Kovalev,A (2517) Panevezys 2017}) 11... h6 12. Bxf6 $1 Bxf6 {White is slightly better.} 13. Nd5 Bd8 14. Ne4 f5 15. Nc5 Bc8 $1 16. Rad1 (16. Na6 $5 Rf7 17. Nc5 $11) 16... Nd4 17. Qxe8 (17. Nf4 $5) 17... Rxe8 18. Nc3 c6 $1 19. e3 Ne6 20. Nd7 Bxd7 21. Rxd7 Nc5 22. Rd6 Be7 23. Rd2 a5 24. e4 Rad8 25. Rfd1 Rxd2 26. Rxd2 Kg7 27. Kf1 Kf6 28. b3 Rd8 29. Rxd8 Bxd8 30. exf5 gxf5 $11 {[%mdl 4096] Endgame KBN-KBN} 31. h3 Bb6 32. Na4 Nd7 (32... Nxa4 {is more complex.} 33. bxa4 e4 34. Ke2 Ke5 35. h4 f4) 33. Nxb6 {The position is equal.} Nxb6 {KB-KN} 34. Ke2 Nd7 35. a3 e4 36. g4 a4 37. bxa4 Nb6 38. gxf5 Kxf5 39. Ke3 {[#] And now Kd4 would win.} Ke5 $1 40. Bxe4 Nxc4+ 41. Kd3 Nb2+ 42. Ke3 Nc4+ 43. Kd3 Nb2+ 44. Ke3 Nc4+ {Precision: White = 57%, Black = 59%.} 1/2-1/2

[Event "40th Eastman Open Ghent"]
[Site "Ghent"]
[Date "2017.07.19"]
[Round "9"]
[White "Hunt, Adam C"]
[Black "Schalkx, Johnny"]
[Result "1-0"]
[WhiteElo "2424"]
[BlackElo "2160"]
[Annotator "TA"]
[PlyCount "49"]
[EventDate "2017.??.??"]
[EventType "swiss"]
[EventCountry "BEL"]
[SourceTitle "playchess.com"]
[Source "ChessBase"]
[SourceQuality "1"]

{[%evp 19,49,45,50,27,62,57,62,65,72,72,65,75,70,47,59,43,47,33,104,89,139,139,160,102,447,419,398,408,558,340,479,466]} 1. d4 Nf6 2. Nf3 g6 3. c4 Bg7 4. g3 O-O 5. Bg2 d6 6. O-O Nbd7 7. Nc3 e5 8. h3 c6 9. e4 Qc7 10. Re1 Re8 11. b3 {E69: King's Indian: Fianchetto: 6...Nbd7 7 0-0 e5 8 e4 c6 9 h3} (11. Be3 b6 12. d5 Ba6 13. dxc6 Qxc6 14. Nd2 Rac8 15. Bf1 Bb7 16. b4 Nf8 17. Rc1 Qd7 18. Bg2 h6 19. Qe2 N6h7 {1-0 (62) Rausis,I (2581)-Kabisch,T (2236) Schmiden/Cannstatt 2016}) 11... exd4 12. Nxd4 a5 13. Bf4 {White is slightly better.} Nh5 14. Be3 Nc5 15. Qd2 $146 ({Predecessor:} 15. Rc1 Nf6 16. Qc2 Qe7 17. f3 Nh5 18. Kh2 Ne6 19. Nde2 Nc5 {1-0 (51) Petran,P (2200)-Rakay,K (2200) Stary Smokovec 1974}) 15... Nf6 {[%cal Rf6e4,Bh5f6,Bf6d7,Bd7e5][%mdl 32]} 16. Bf4 Nfd7 17. Rad1 Ne5 18. Qc2 Ne6 (18... a4 $14) 19. Be3 $16 {[%cal Bf4e3,Be3d4,Bd4c3][%mdl 32]} Nxd4 20. Bxd4 f5 21. Qb2 ({Better is} 21. f4) 21... c5 $2 {[%mdl 8192] [#]} (21... g5 $16 {is tougher.}) 22. Nb5 $18 Qe7 23. Bc3 fxe4 24. Rxe4 Bf5 (24... Bxh3 $142 25. f4 (25. Bxh3 Nf3+ 26. Kf1 Qxe4 $11) 25... Rad8 26. fxe5 Bxg2 27. Kxg2 dxe5) 25. Re3 {Precision: White = 60%, Black = 29%.} 1-0